The inline virtual impactor /

Bibliographic Details
Main Author: Seshadri, Satyanarayanan
Other Authors: McFarland, Andrew R. (Thesis advisor), Haglund, John S. (Thesis advisor)
Format: Thesis eBook
Language:English
Published: [College Station, Tex.] : [Texas A&M University], [2012]
Subjects:
Online Access:Link to OAK Trust copy

MARC

Tag First Indicator Second Indicator Subfields
LEADER 00000cam a2200000Ka 4500
001 in00002784773
005 20150922151057.0
006 m fo d
007 cr unu||||||||
008 121127s2012 txu obm 000 0 eng d
035 |a (OCoLC)ocn819421256 
035 |a (TxCM)http://hdl.handle.net/1969.1/ETD-TAMU-2382 
040 |a TXA  |c TXA  |d UtOrBLW 
049 |a TXAM 
099 |a 2007  |a Dissertation  |a 1969.1/ETD-TAMU-2382 
100 1 |a Seshadri, Satyanarayanan. 
245 1 4 |a The inline virtual impactor /  |c by Satyanarayanan Seshadri. 
264 1 |a [College Station, Tex.] :  |b [Texas A&M University],  |c [2012] 
300 |a 1 online resource. 
336 |a text  |b txt  |2 rdacontent 
337 |a computer  |b c  |2 rdamedia 
338 |a online resource  |b cr  |2 rdacarrier 
500 |a "Major Subject: Mechanical Engineering" 
588 |a Description from author supplied metadata (automated record created 2012-10-22 13:24:58). 
502 |b Doctor of Philosophy  |c Texas A&M University  |d 2007  |o http://hdl.handle.net/1969.1/ETD-TAMU-2382 
504 |a Includes bibliographical references. 
516 |a Text (Dissertation) 
520 3 |a A circumferential slot In-line Virtual Impactor (IVI) has been designed using Computational Fluid Dynamics (CFD) simulation tools and experimentally characterized using monodispersed liquid aerosols to validate simulation results. The base design, IVI-100, has an application as a pre-separator for sampling inlets, where the device scalps large particles from the aerosol size distribution. The IVI-100 samples air in at 111 L/min and deliver the fine aerosol fraction in a 100 L/min flow and provide a cutpoint particle size of 10 ℗æm, with a pressure drop of 45 Pa. An inverted dual cone configuration encased inside a tube provides the IVI-100 with a characteristic circumferential slot of width 0.254 mm (0.100 inches) and a slot length of 239 mm (9.42 inches) at the critical zone. The upper cone causes the flow to accelerate to an average throat velocity of 3.15 m/s, while the lower cone directs the major flow toward the exit port and minimizes recirculation zones that could cause flow instabilities in the major flow region. The cutpoint Stokes number is 0.73; however, the cutpoint can be adjusted by changing the geometrical spacing between the acceleration nozzle exit plane and a flow divider. Good agreement is obtained between numerically predicted and experimentally observed performance. An aerosol size selective inlet for bioaerosol and other air sampling applications using an upgraded prototype of IVI-100, mounted inside a BSI-100 inlet shell was tested in an aerosol wind tunnel over a speed range of 2 -- 24 km/hr. The BSI-IVI-100 inlet has a cutpoint of 11 ℗æm aerodynamic diameter and delivers the fine fraction at 100 L/m. The geometric standard deviation of the fractionation curve is 1.51 and the performance is not affected by wind speeds. An IVI-350, which is an adaptation of the IVI to be used as a powder fractionator, was designed based on computational simulations, and provides a cutpoint of 3 ℗æm AD, while operating in a total flow rate of 350 L/min. Four Identical IVI -350 units will be operated in parallel to fractionate aerosolized powders in a 1400 L/min flow. An optimized inlet, with a contoured tear-drop shaped insert provides uniform flow to four identical IVI units and prevents powder accumulation in the system entrance. 
500 |a Electronic resource. 
650 4 |a Major Mechanical Engineering. 
653 |a All weather Inlets 
653 |a Virtual Impactor 
653 |a Bioaerosol 
653 |a Powder Processing 
653 |a Aerosol Sampling 
700 1 |a McFarland, Andrew R.,  |e thesis advisor. 
700 1 |a Haglund, John S.,  |e thesis advisor. 
856 4 0 |u http://hdl.handle.net/1969.1/ETD-TAMU-2382  |z Link to OAK Trust copy  |t 0 
948 |a cataloged  |b h  |c 2012/11/27  |d c  |e ceaton  |f 12:51:43 pm 
994 |a C0  |b TXA 
999 |a MARS 
999 f f |s a22708ca-172c-3c8a-b291-c620ffc4c768  |i 28c730eb-806d-3ec9-a00b-8cf4d987e648  |t 0 
952 f f |a Texas A&M University  |b College Station  |c Electronic Resources  |d Available Online  |t 0  |e 2007 Dissertation 1969.1/ETD-TAMU-2382  |h Other scheme 
998 f f |a 2007 Dissertation 1969.1/ETD-TAMU-2382  |t 0  |l Available Online